Bhartiya Sangeetgya Avam Sangeet Grantha (Record no. 1311389)

MARC details
000 -LEADER
fixed length control field 00571nam a2200205Ia 4500
005 - DATE AND TIME OF LATEST TRANSACTION
control field 20250505145659.0
008 - FIXED-LENGTH DATA ELEMENTS--GENERAL INFORMATION
fixed length control field 008 250505s9999 xx 000 0 eng d
037 ## - SOURCE OF ACQUISITION
Stock number Textbook
040 ## - CATALOGING SOURCE
Original cataloging agency FML
Language of cataloging hin
Transcribing agency FML
041 ## - LANGUAGE CODE
Language code of text/sound track or separate title hin
Source of code hin
084 ## - COLON CLASSIFICATION NUMBER
Classification number NR44a R3
Assigning agency FML
100 ## - MAIN ENTRY--PERSONAL NAME
Personal name Malviya, Shraddha
9 (RLIN) 754184
245 #0 - TITLE STATEMENT
Title Bhartiya Sangeetgya Avam Sangeet Grantha
260 ## - PUBLICATION, DISTRIBUTION, ETC.
Place of publication, distribution, etc. New Delhi , India
Name of publisher, distributor, etc. Kanishka Pub. Dist.
Date of publication, distribution, etc. 2023
300 ## - PHYSICAL DESCRIPTION
Extent 254p
365 ## - TRADE PRICE
Price type code INR
Price amount 990
650 ## - SUBJECT ADDED ENTRY--TOPICAL TERM
Topical term or geographic name entry element Music
942 ## - ADDED ENTRY ELEMENTS (KOHA)
Koha item type Textbook
Classification part NR44a R3
Holdings
Withdrawn status Lost status Damaged status Not for loan Home library Current library Date acquired Source of acquisition Cost, normal purchase price Total Checkouts Full call number Barcode Date last seen Price effective from Koha item type
        Department of Music Library Department of Music Library 2025-05-05 Katyayani book 990.00   NR44a R3 MU0016819 2025-05-05 2025-05-05 Textbook
Copyright @ Delhi University Library System